Nederlandse gemeenten die beginnen met een H - Statistieken

Algemene statistieken
  • Deze quiz is 80 keer genomen
  • De gemiddelde score is 22 van 36
Antwoordstatistieken
Nr. Antwoord % Correct
1 Haaksbergen
84%
2 Haarlem
84%
6 Harderwijk
84%
8 Harlingen
84%
13 Heerenveen
81%
27 Hilversum
81%
14 Heerlen
77%
16 Heiloo
74%
18 Helmond
74%
36 Hulst
74%
3 Haarlemmermeer
71%
4 Halderberge
71%
20 Hengelo
71%
26 Hilvarenbeek
71%
5 Hardenberg
68%
32 Hoorn
68%
35 Huizen
68%
11 Heemstede
65%
17 Hellendoorn
65%
25 Hillegom
65%
34 Houten
65%
9 Hattem
58%
22 Het Hogeland
58%
28 Hoeksche Waard
58%
24 Heusden
55%
29 Hof van Twente
55%
23 Heumen
52%
31 Hoogeveen
48%
12 Heerde
45%
15 Heeze-Leende
45%
30 Hollands Kroon
42%
19 Hendrik-Ido-Ambacht
35%
33 Horst aan de Maas
29%
7 Hardinxveld-Giessendam
26%
21 's-Hertogenbosch
16%
10 Heemsekerk
10%
Geen overeenkomende quizzen gevonden
Scoreverdeling
Procent van Mensen met Elke Score
Percentiel versus Aantal Correcte Antwoorden
Uw Scoregeschiedenis
U heeft deze quiz nog niet genomen